Action/abstraction : Pollock, de Kooning, and American art, 1940-1976 (Record no. 361446)

MARC details
000 -LEADER
fixed length control field 01213nam a2200289Ia 4500
008 - FIXED-LENGTH DATA ELEMENTS--GENERAL INFORMATION
fixed length control field 191130s2008##################000#0#eng##
020 ## - INTERNATIONAL STANDARD BOOK NUMBER
ISBN 9780300139204
082 ## - DEWEY DECIMAL CLASSIFICATION NUMBER
Classification number 709.73 KLE
245 ## - TITLE STATEMENT
Title Action/abstraction : Pollock, de Kooning, and American art, 1940-1976
Statement of responsibility, etc edited by Norman L. Kleeblatt ; cultural timeline by Maurice Berger ; essays by Debra Bricker Balken ... [et al.]
260 ## - PUBLICATION, DISTRIBUTION, ETC. (IMPRINT)
Place of publication New York
Name of publisher Jewish Museum under the auspices of The Jewish Theological Seminary of America ; Yale University Press
Year of publication c2008
300 ## - PHYSICAL DESCRIPTION
Number of Pages xi, 332 p. : ill. (chiefly col.) ; 32 cm
500 ## - GENERAL NOTE
General note Includes bibliographical references and index
650 ## - SUBJECT ADDED ENTRY--TOPICAL TERM
Topical Term Abstract expressionism - United States - Exhibitions
Topical Term Art criticism - United States - History - 20th century
Topical Term Art, American - 20th century - Exhibitions
Topical Term Greenberg, Clement, 1909-1994
Topical Term Rosenberg, Harold, 1906-1978
700 ## - ADDED ENTRY--PERSONAL NAME
Personal name Balken, Debra Bricker
Personal name Berger, Maurice
Personal name Kleeblatt, Norman L
710 ## - ADDED ENTRY--CORPORATE NAME
Corporate name or jurisdiction name as entry element Jewish Museum (New York, N.Y.)
991 ## -
-- 372496
Holdings
Withdrawn status Lost status Damaged status Not for loan Home library Current library Shelving location Date acquired Full call number Accession Number Price effective from Koha item type
        Anna Centenary Library Anna Centenary Library 6TH FLOOR, B WING 17.10.2020 709.73 KLE 124779 17.10.2020 English Books

Find us on the map